[Event "23rd OIBM 2019"]
[Site "Gmund am Tegernsee"]
[Date "2019.10.28"]
[Round "3.27"]
[White "Miller, Eduard"]
[Black "Sieglen, Joachim"]
[Result "1-0"]
[WhiteElo "2402"]
[BlackElo "2187"]
[Annotator "TA"]
[PlyCount "71"]
[EventDate "2019.10.17"]
[EventType "swiss"]
[EventCountry "GER"]
[SourceTitle "playchess.com"]
[Source "ChessBase"]
[SourceQuality "1"]

{[%evp 11,71,17,15,0,14,7,15,0,0,-30,-43,-94,-96,-77,-77,-73,-74,-97,-92,-115,-100,-71,-42,-74,0,0,0,0,3,0,35,39,33,33,34,35,37,0,0,0,20,34,35,41,61,54,54,64,87,62,72,69,106,107,104,107,109,110,97,54,154,122]} 1. c4 c6 2. e4 d5 3. exd5 cxd5 4. d4 Nf6 5. Nc3 e6 6. Nf3 Bb4 7. Qb3 {B14: Caro-Kann: Panov-Botvinnik Attack with 5...e6 and 5...g6} (7. cxd5 Nxd5 8. Qc2 Nc6 9. a3 Ba5 10. Bd3 h6 11. O-O O-O 12. Rd1 Bd7 13. Ne4 Bb6 14. Bc4 Rc8 15. Nd6 Rc7 16. Nb5 Ncb4 17. Qb3 Bxb5 18. Bxb5 {0-1 (56) Gelfand,B (2719)-Dominguez Perez,L (2752) Hengshui 2019}) 7... Bxc3+ 8. Qxc3 O-O 9. c5 $146 {The position is equal.} ({Predecessor:} 9. Bd3 Nbd7 10. O-O b6 11. b3 Bb7 12. Ne5 Nxe5 13. dxe5 d4 14. Qc2 Nd7 15. Bxh7+ {1-0 (33) Neyasova,V-Mladenovic,S (1955) Khanty-Mansiysk 2009}) 9... Ne4 10. Qc2 Nc6 {[%cal Bb8c6,Bc6b4,Bb4d3][%mdl 32]} 11. Bd3 (11. a3 $15) 11... Nb4 $36 {[%mdl 2048] Black has strong initiative.} 12. Qb3 Nxd3+ 13. Qxd3 b6 14. Nd2 bxc5 {aiming for ...Qa5.} 15. Nxe4 dxe4 16. Qxe4 Rb8 {Strongly threatening ...Bb7.} 17. dxc5 {[#]} Qa5+ (17... Ba6 $1 $17 {...Rxb2! is the strong threat.} 18. f3 Qf6) 18. Bd2 $11 Qxc5 19. Bc3 Qg5 (19... f6 {seems wilder.} 20. O-O e5 21. Qa4 Be6 22. Rac1 Qc4) 20. h4 Qd5 (20... Qb5 {feels hotter.} 21. Qe5 Qxe5+ 22. Bxe5 Rb5 23. Bc3 f6) 21. Qxd5 exd5 22. O-O-O Be6 23. h5 h6 24. g4 Rbc8 25. Rd4 f6 26. Rg1 Rf7 27. Kd2 Rc4 28. f4 Rxd4+ 29. Bxd4 $14 {[%mdl 4096] Endgame KRB-KRB} Kh7 30. Rg3 a6 31. b3 Rc7 32. f5 Bd7 33. a4 Kg8 34. Rc3 Rb7 35. Bc5 Kf7 (35... d4 $14 36. Rd3 (36. Bxd4 Rb4 $14) 36... Bc6) 36. Kd3 {Accuracy: White = 54%, Black = 57%.} 1-0

[Event "23rd OIBM 2019"]
[Site "Gmund am Tegernsee"]
[Date "2019.10.28"]
[Round "3.28"]
[White "Mohota, Nisha"]
[Black "Piscopo, Pierluigi"]
[Result "1/2-1/2"]
[WhiteElo "2195"]
[BlackElo "2398"]
[Annotator "TA"]
[PlyCount "39"]
[EventDate "2019.10.17"]
[EventType "swiss"]
[EventCountry "GER"]
[SourceTitle "playchess.com"]
[Source "ChessBase"]
[SourceQuality "1"]

{[%evp 22,32,23,0,0,0,0,0,4,8,14,0,5]} 1. e4 c5 2. Nf3 Nc6 3. d4 cxd4 4. Nxd4 e5 5. Nb5 d6 6. c4 Be7 7. N1c3 a6 8. Na3 Be6 9. Nc2 Nf6 10. Be2 O-O 11. O-O Rc8 12. b3 b5 {The position is equal. B32: Sicilian: Löwenthal and Kalashnikov Variations} 13. cxb5 Na7 (13... axb5 14. Bxb5 Na7 15. Qd3 Rxc3 16. Qxc3 Nxb5 17. Qd3 Qb8 18. a4 Nc7 19. b4 Qb7 20. Bg5 {0-1 (56) Durarbayli,V (2590)-Naiditsch,A (2705) Dubai 2014}) 14. Nd5 Nxb5 15. Nxf6+ Bxf6 16. Bxb5 axb5 {Predecessor:} 17. Nb4 $146 Qd7 18. Qd3 Bd8 19. Be3 f5 20. Rfd1 {0-1 (36) Sitnikov,A (2182)-Nyback,T (2345) Chalkidiki 2001} 1/2-1/2

[Event "23rd OIBM 2019"]
[Site "Gmund am Tegernsee"]
[Date "2019.10.28"]
[Round "3.29"]
[White "Koepke, Christian"]
[Black "Klimkowski, Jan"]
[Result "0-1"]
[WhiteElo "2332"]
[BlackElo "2174"]
[Annotator "TA"]
[PlyCount "144"]
[EventDate "2019.10.17"]
[EventType "swiss"]
[EventCountry "GER"]
[SourceTitle "playchess.com"]
[Source "ChessBase"]
[SourceQuality "1"]

{[%evp 9,144,0,0,-5,6,0,10,-12,0,-8,0,0,15,12,35,3,57,47,57,12,24,31,160,110,113,57,58,55,54,59,85,62,116,115,113,115,127,120,290,39,348,14,22,25,22,19,75,74,94,86,329,62,67,0,22,20,16,30,62,0,0,0,0,0,20,25,22,15,98,87,202,200,206,88,336,335,431,236,322,326,331,292,341,341,431,443,369,229,221,222,327,45,45,45,45,0,0,0,0,0,0,0,0,0,0,0,0,0,0,-5099,-8157,-5081,-2026,-29970,-29972,-29972,-12809,-29966,-29965,-29960,-29965,-29961,-12797,-29989,-29988,-29983,-12832,-12829,-12830,-29986,-29987,-29995,-29993,-29996,-29997,-29997,-29998]} 1. e4 c5 2. Be2 (2. Nf3 d6 3. d4 cxd4 4. Nxd4 Nf6 5. Nc3 Nc6 6. Be2 e5 7. Nb3 Be7 8. Bg5 O-O 9. Bxf6 Bxf6 10. Nd5 Bg5 11. Bg4 Be6 12. O-O g6 13. Bxe6 fxe6 14. Nc3 Qe7 15. Qd3 Rad8 16. Rad1 a6 17. a3 Kg7 {1-0 (46) Radjabov,T (2758)-Ding,L (2811) Khanty-Mansiysk 2019}) 2... d6 3. f4 e6 4. Nf3 Nf6 5. d3 Be7 6. O-O {B31: Sicilian: 2...Nc6 3 Bb5 g6} O-O 7. c3 b6 $146 ({Predecessor:} 7... Nc6 8. a4 a6 9. Nbd2 Bd7 10. Nc4 b5 11. axb5 axb5 12. Rxa8 Qxa8 {0-1 (44) Malygin,L (1416)-Kizim,N Dzerzhinsk 2015}) 8. Kh1 {The position is equal.} Bb7 9. Be3 Nbd7 10. Nbd2 b5 11. Qe1 Rc8 12. Qg3 c4 ({Black should try} 12... Nb6 $11) 13. e5 $14 Nd5 14. Bxa7 {[%cal Rd3c4]} dxe5 15. fxe5 {[%cal Rd3c4]} Nc5 (15... cxd3 $1 $14 16. Bxd3 b4) 16. Bxc5 Bxc5 17. d4 $36 {[%mdl 2048] White has good play.} (17. dxc4 $16 Ne3 18. cxb5) 17... Be7 $1 18. a3 Ne3 19. Rg1 f5 20. exf6 $1 Rxf6 (20... Bxf6 $14 21. a4 bxa4) 21. Ne5 $16 Nf5 22. Qe1 Rh6 23. Bf3 Bg5 $2 (23... Bd5 $16) 24. Nf1 $2 (24. Bxb7 Bxd2 25. Qf2 Rb8 $11) (24. Ng4 $1 $18 {[%cal Rg4h6]} Bd5 25. Nxh6+ Bxh6 26. Bxd5 Qxd5 27. Nf3) 24... Bf4 $2 {[%mdl 8192]} (24... Qc7 $14) 25. g3 $2 ({Weaker is} 25. Bxb7 Ng3+ 26. Qxg3 (26. Nxg3 $2 {gets mated.} Rxh2+ 27. Kxh2 Qh4#) 26... Bxg3 $11) (25. Ng4 $1 $18 {[%cal Rg4h6]} Bd5 26. Nxh6+ Nxh6 27. Qe2) 25... Bxf3+ $11 26. Nxf3 Qd5 27. Qe2 Bd6 (27... Bc7 $11) 28. Rg2 $16 Rf8 {White should prevent ...Nxg3+!} 29. Ne5 $1 Rhf6 $2 (29... Bb8 $16) 30. Ng4 $2 (30. Nd7 $18) 30... R6f7 $14 31. Kg1 (31. Rd1 $14) 31... h5 (31... e5 $5 {[%cal Re5d4]} 32. Nfe3 Nxe3 33. Nxe3 Qb7 $11) 32. Nge3 Nxe3 $1 33. Nxe3 Qg5 $1 34. Re1 (34. Qd2 $14) 34... e5 $1 $11 35. h4 Qg6 36. dxe5 Bc5 37. Kh2 {Threatens to win with Nd5.} Rf3 $1 {[%cal Rf3e3]} 38. Qd2 {Qd5+ is the strong threat.} Kh8 (38... Qd3 $11 39. Qxd3 cxd3) 39. Ree2 $16 Qf7 (39... Qd3 $16 {is a better defense.} 40. Nd1 Rd8) 40. Nc2 $1 $18 Rd3 {[#]} 41. Qe1 (41. Qg5 $1 $18 {has better winning chances. Hoping for e6.} Qe6 42. Qxh5+ Kg8 43. Rd2) 41... Rf3 $2 (41... Qe6 $16 {was worth a try.}) 42. e6 Qe7 {intending ...Rf1.} 43. Qd2 (43. Re5 $142 g6 44. Nd4) 43... R3f4 44. Kh3 Rf1 45. Nd4 Kg8 46. Qg5 ({Less strong is} 46. Nxb5 Qf6 $16) 46... R1f6 47. Qd5 Rd8 48. Qxh5 {aiming for Nc6.} Bxd4 49. cxd4 Rxd4 (49... Rxe6 {was necessary.} 50. Qg4 Rxe2 51. Rxe2 Qf7) 50. Qxb5 $2 (50. Qg5 $18) 50... Rh6 $1 $14 {[%cal Rh6h4]} 51. h5 $1 {Strongly threatening Re5.} Rxe6 52. Rxe6 Qxe6+ {[%mdl 4096] Endgame KQR-KQR} 53. Kh2 Rd5 54. Qb8+ Kh7 55. g4 Rd6 56. Qb5 Rd5 57. Qb8 Rd6 {( -> ...Qe5+)} 58. Qb5 Rd5 59. Qxc4 $2 {[%mdl 8192] [#]} (59. Qb8 $11) 59... Rxh5+ $1 $19 {[%mdl 576] Discovered Attack} 60. gxh5 Qxc4 $11 {KQ-KR} 61. b4 Qh4+ 62. Kg1 Qd4+ (62... Qe1+ $142 63. Kh2 Qh4+ 64. Kg1 Qf4 65. Rg6 Qc1+ 66. Kg2 Qxa3 67. Rb6 Qa8+ 68. Kg3 Qe4 69. Rg6 Qxb4 70. Kh3 Qc3+ 71. Kh4 Qe1+ 72. Kh3 Qh1+ 73. Kg4 Qe4+ 74. Kg5 Qd4 75. Kf5 Qe3 76. Rg4 Qf3+ 77. Rf4 Qxh5+ 78. Ke4 Qe2+ 79. Kd5 Kg6 80. Kd4 Qd2+ 81. Ke5 Kg5 82. Rf5+ Kg4 83. Rf8 Qc3+ 84. Ke6 Qc6+ 85. Ke7 Qc5+ 86. Kf7 {[#]} Qxf8+ $1 {[%mdl 512]} 87. Kxf8 g5 88. Ke8 Kf4 89. Kf7 g4 90. Kg6 g3 91. Kf7 g2 92. Ke7 g1=Q 93. Kd6 Ke4 94. Ke6 Qc5 95. Kf6 Qd6+ 96. Kf7 Kf5 97. Ke8 Qc7 98. Kf8 Kf6 99. Kg8 Qg7#) 63. Kh2 Qe5+ 64. Rg3 Kh6 65. Kg2 Kxh5 (65... Qe2+ $142 66. Kg1 Kxh5 67. a4 Kh4 68. Ra3 g5 69. Rc3 g4 70. b5 g3 71. Rc4+ Qxc4 72. Kg2 Qe2+ 73. Kg1 Qh2+ 74. Kf1 Qf2#) 66. a4 Kh4 67. Rf3 Qb2+ (67... g5 $142 68. Kf2 g4 69. Re3 g3+ 70. Rxg3 Qxg3+ 71. Ke2 Qc3 72. a5 Kg3 73. a6 Kf4 74. a7 Qc2+ 75. Kf1 Qd1+ 76. Kg2 Qe2+ 77. Kh1 Kg3 78. a8=Q Qh2#) 68. Rf2 $19 Qxb4 69. Rf7 Qe4+ {Black mates.} 70. Kh2 g5 71. a5 Qc2+ 72. Kg1 Kg3 {Accuracy: White = 43%, Black = 26%.} 0-1

[Event "23rd OIBM 2019"]
[Site "Gmund am Tegernsee"]
[Date "2019.10.28"]
[Round "3.30"]
[White "Lavrinenkov, Vadim"]
[Black "Friesen, Viktor"]
[Result "1-0"]
[WhiteElo "2306"]
[BlackElo "2170"]
[Annotator "TA"]
[PlyCount "183"]
[EventDate "2019.10.17"]
[EventType "swiss"]
[EventCountry "GER"]
[SourceTitle "playchess.com"]
[Source "ChessBase"]
[SourceQuality "1"]

{[%evp 13,183,19,41,15,16,16,25,12,7,12,13,10,12,14,18,0,0,0,0,0,0,0,0,-7,0,0,0,0,0,0,0,0,0,-9,0,8,11,0,4,4,13,0,0,-18,-14,-23,-8,-10,-4,-2,0,-11,-4,-35,-20,-22,0,0,0,0,0,0,0,0,0,-37,0,-30,-23,-19,21,-60,0,0,0,-39,0,0,11,0,0,-18,0,0,0,-8,0,0,22,27,16,26,33,0,-4,0,43,18,106,110,103,40,56,56,50,46,77,33,110,65,85,77,102,100,106,101,155,136,143,97,507,486,497,485,561,53,67,5,28,25,17,24,74,8,109,49,73,8,16,8,8,2,67,66,64,64,65,65,59,63,332,63,63,55,68,58,668,660,658,645,1550,1422,29970,29975,29974,29973,2807,2363,29980,29981,5887,1563]} 1. d4 Nf6 2. Nf3 e6 3. c4 d5 4. Nc3 a6 5. cxd5 exd5 6. Bg5 Be7 7. e3 Nbd7 8. Qb3 {D53: Queen's Gambit Declined: 4 Bg5 Be7: Early deviations} c6 9. Qc2 (9. Bd3 Nf8 10. O-O Ne6 11. Bh4 O-O 12. Qc2 g6 13. Rab1 Ng7 {½-½ (32) Kazhgaleyev,M (2582)-Melkumyan,H (2660) Batumi 2018}) 9... Nf8 $146 {[%cal Bd7f8,Bf8e6,Be6g7,Bg7f5,Bf5d6,Bd6e4][%mdl 32]} ({Predecessor:} 9... O-O 10. Bd3 b5 11. O-O Bb7 12. Rfe1 g6 13. e4 c5 {½-½ (53) Enescu,C (2329)-Anokhin,Y (2311) ICCF email 2011}) 10. Bd3 {White has an edge.} Ne6 11. Bh4 g6 12. O-O Ng7 13. Na4 Bf5 14. Ne5 Bxd3 15. Nxd3 Nf5 16. Bg5 Nd7 17. Bxe7 Qxe7 18. Ndc5 Nxc5 19. Nxc5 O-O 20. Rad1 Nd6 21. Rfe1 Rfe8 22. b3 Ne4 23. Nd3 Qd6 24. f3 Nf6 25. Nf2 Rad8 26. Qd2 Qd7 27. h3 Qf5 28. Re2 Re7 29. Rde1 Qd7 30. Rd1 Rde8 31. Rde1 Rd8 32. Nd3 Qc7 33. Qb4 Rde8 34. Qd2 Nh5 35. g4 $1 {[%cal Rg4h5]} Nf6 {And now ...Qg3+ would win.} 36. Kg2 Kg7 37. Nf4 Qd7 38. Nd3 Qc7 39. Nc5 Nd7 40. Na4 Qd6 41. Nc3 Nf6 42. Nd1 (42. e4 $11 Nd7 43. e5) 42... Re6 (42... h5 $15 43. g5 Nh7) 43. Nf2 $11 {[%cal Bd1f2,Bf2h1,Bh1g3][%mdl 32]} R6e7 44. Nh1 h6 45. Ng3 Nh7 46. Qc3 Kg8 47. Rf1 Nf6 48. Qd3 Kg7 49. Rh1 Qb4 50. h4 c5 51. dxc5 Qxc5 {[%cal Re7e3]} 52. Rhe1 Rc7 53. g5 hxg5 54. hxg5 Nd7 55. f4 Rh8 (55... f6 $11) 56. Rd2 Nb6 57. Ree2 (57. e4 $16) 57... Qc3 58. Qd4+ Qxd4 59. Rxd4 Rhc8 60. Rb4 Rc6 (60... Nd7 $14) 61. Kf3 R8c7 62. Rd2 Kf8 63. Nh1 Ke7 64. Nf2 Ke6 (64... Rd6 $142) 65. e4 Rd7 66. Re2 dxe4+ $2 {[%mdl 8192]} (66... Kd6 $16 {is more resistant.}) 67. Nxe4 $18 Rd3+ 68. Kg4 Kd5 69. Nf6+ $2 ({Only move:} 69. Nf2 $18 Rdc3 70. Re5+ Kd6 71. Ne4+ Kc7 72. Nxc3 Rxc3 73. Re7+ {[%mdl 64] Double Attack} Kd6 74. Rxf7 (74. Rxb6+ Kxe7 75. Rxb7+ Ke8 $18)) 69... Kd6 70. Ree4 ({White should play} 70. Re5 $14) 70... a5 71. Rbd4+ Rxd4 72. Rxd4+ $11 {[%mdl 4096] Endgame KRN-KRN} Kc5 73. Re4 (73. Rd3 $16) 73... Rc7 (73... Re6 $11 {keeps the balance.}) 74. Kf3 (74. a4 $1 $16) 74... Kb5 75. Ke3 ({Better is} 75. a4+ $16 Ka6 76. Kg4) 75... a4 76. bxa4+ Nxa4 77. Nd5 Rc2 ({Black should try} 77... Rd7 $11 78. Rxa4 Rxd5) 78. Re7 $1 $14 {[%csl LRb7,LRf7]} Rxa2 79. Rxf7 {aiming for f5.} Kc4 80. Ne7 Ra3+ 81. Kf2 {Black must now prevent f5.} b5 $2 {[%mdl 8192] [#]} (81... Nc5 $14) 82. Nxg6 $2 (82. f5 $1 $18 {[%cal Rf5g6]} gxf5 83. g6 (83. Rxf5 Nc5 $14)) 82... Nc5 $1 83. Ne5+ Kd5 84. g6 {Threatens to win with g7.} Ne6 $2 {[%mdl 8192] [#]} (84... Ne4+ $14 85. Kg2 b4) 85. Nf3 $1 $18 Ra8 86. f5 Nf8 87. Ng5 Kd6 88. g7 Nd7 89. Ne4+ Kc6 90. Nf6 Ra2+ 91. Ke3 Ra3+ 92. Ke4 {Accuracy: White = 43%, Black = 37%.} (92. Kf4 $142 Ra4+ 93. Kg5 Nxf6 94. Rxf6+ Kc5 95. g8=Q) 1-0

[Event "23rd OIBM 2019"]
[Site "Gmund am Tegernsee"]
[Date "2019.10.28"]
[Round "3.31"]
[White "Chennaoui, Yasin"]
[Black "Nasshan, Dennis"]
[Result "0-1"]
[WhiteElo "2162"]
[BlackElo "2306"]
[Annotator "RC"]
[PlyCount "123"]
[EventDate "2019.10.17"]
[EventType "swiss"]
[EventCountry "GER"]
[SourceTitle "playchess.com"]
[Source "ChessBase"]
[SourceQuality "1"]
[TimeControl "40/5400+30:1800+30"]

1. c4 {[%emt 0:00:00]} e6 {[%emt 0:05:03]} 2. Nf3 {[%emt 0:00:00]} Nf6 {[%emt 0:00:02]} 3. b3 {[%emt 0:00:11]} d5 {[%emt 0:00:01]} 4. g3 {[%emt 0:00:07]} Be7 {[%emt 0:00:01]} 5. Bg2 {[%emt 0:00:08]} O-O {[%emt 0:00:02]} 6. O-O {[%emt 0:00:07]} b6 {[%emt 0:00:01]} 7. Bb2 {[%emt 0:00:09]} c5 {[%emt 0:01:09]} 8. e3 {[%emt 0:01:12]} Nc6 {[%emt 0:00:06]} 9. Qe2 {[%emt 0:00:00]} Ba6 {[%emt 0:00:04]} 10. d3 {[%emt 0:00:57]} Qc7 {[%emt 0:02:22]} 11. Na3 {[%emt 0:00:27]} Rac8 {[%emt 0:01:40]} 12. Rfd1 {[%emt 0:00:47]} Rfd8 {[%emt 0:00:33]} 13. Rac1 {[%emt 0:02:08]} Qb8 {[%emt 0:00:07]} 14. Bc3 {[%emt 0:05:18]} dxc4 {[%emt 0:09:23]} 15. bxc4 {[%emt 0:04:49]} Ne8 {[%emt 0:01:03]} 16. Qb2 {[%emt 0:03:05]} Bf6 {[%emt 0:00:15]} 17. d4 {[%emt 0:11:47]} cxd4 {[%emt 0:01:48]} 18. exd4 {[%emt 0:03:23]} Ne7 {[%emt 0:05:06]} 19. Ne5 {[%emt 0:04:26]} Bb7 {[%emt 0:15:09]} 20. Ng4 {[%emt 0:15:56]} Bxg2 {[%emt 0:01:00]} 21. Kxg2 {[%emt 0:00:41]} Qa8+ {[%emt 0:00:05]} 22. f3 {[%emt 0:00:37]} Bg5 {[%emt 0:01:05]} 23. Bd2 {[%emt 0:01:22]} Bxd2 {[%emt 0:00:38]} 24. Qxd2 {[%emt 0:00:16]} Ng6 {[%emt 0:02:59]} 25. Qg5 {[%emt 0:09:04]} h6 {[%emt 0:03:07]} 26. Qh5 {[%emt 0:01:40]} Qb7 {[%emt 0:03:53]} 27. Ne5 {[%emt 0:16:25]} Nf6 {[%emt 0:03:24]} 28. Qh3 {[%emt 0:00:39]} Nxe5 {[%emt 0:00:20]} 29. dxe5 {[%emt 0:00:12]} Nd7 {[%emt 0:00:04]} 30. Qh4 {[%emt 0:00:54]} Qa8 {[%emt 0:13:39]} 31. Qf4 {[%emt 0:03:38]} Qb8 {[%emt 0:06:14]} 32. Nb5 {[%emt 0:00:45]} Nxe5 {[%emt 0:02:35]} 33. Nxa7 {[%emt 0:05:54]} Rxd1 {[%emt 0:02:51]} 34. Nxc8 {[%emt 0:02:58]} Rxc1 {[%emt 0:01:38]} 35. Ne7+ {[%emt 0:00:06]} Kf8 {[%emt 0:07:29]} 36. Ng6+ {[%emt 0:00:11]} Ke8 {[%emt 0:03:04]} 37. Nxe5 {[%emt 0:00:17]} Rc2+ {[%emt 0:00:04]} 38. Kh3 {[%emt 0:00:18]} Qc7 {[%emt 0:02:21]} 39. Qe4 {[%emt 0:05:25]} Rxa2 {[%emt 0:01:49]} 40. f4 {[%emt 0:00:14]} Ra5 {[%emt 0:01:16]} 41. Qh7 {[%emt 0:03:47]} Rxe5 {[%emt 0:00:24]} 42. Qh8+ {[%emt 0:00:11]} Ke7 {[%emt 0:00:21]} 43. fxe5 {[%emt 0:00:06]} Qxe5 {[%emt 0:00:03]} 44. Qa8 {[%emt 0:00:33]} Kf6 {[%emt 0:01:19]} 45. Qd8+ {[%emt 0:00:22]} Kg6 {[%emt 0:00:21]} 46. Qxb6 {[%emt 0:00:18]} Qh5+ {[%emt 0:00:19]} 47. Kg2 {[%emt 0:00:23]} Qe2+ {[%emt 0:00:02]} 48. Qf2 {[%emt 0:00:22]} Qxf2+ {[%emt 0:02:45]} 49. Kxf2 {[%emt 0:00:26]} Kf5 {[%emt 0:00:01]} 50. Ke3 {[%emt 0:00:36]} Ke5 {[%emt 0:00:01]} 51. h4 {[%emt 0:00:31]} g5 {[%emt 0:02:28]} 52. hxg5 {[%emt 0:03:32]} hxg5 {[%emt 0:00:04]} 53. Kf3 {[%emt 0:02:09]} f5 {[%emt 0:00:01]} 54. Ke3 {[%emt 0:00:08]} Kd6 {[%emt 0:00:12]} 55. Kd4 {[%emt 0:00:19]} e5+ {[%emt 0:00:01]} 56. Kd3 {[%emt 0:00:42]} Kc5 {[%emt 0:01:05]} 57. g4 {[%emt 0:00:07]} fxg4 {[%emt 0:01:02]} 58. Ke4 {[%emt 0:00:06]} Kxc4 {[%emt 0:00:15]} 59. Kxe5 {[%emt 0:00:05]} g3 {[%emt 0:00:11]} 60. Kf5 {[%emt 0:00:04]} g2 {[%emt 0:00:05]} 61. Kxg5 {[%emt 0:00:03]} g1=Q+ {[%emt 0:00:21]} 62. Kf4 {[%emt 0:00:03]} 0-1

[Event "23rd OIBM 2019"]
[Site "Gmund am Tegernsee"]
[Date "2019.10.28"]
[Round "3.32"]
[White "Ludvik, Tomas"]
[Black "Bopp, Thomas"]
[Result "1/2-1/2"]
[WhiteElo "2305"]
[BlackElo "2156"]
[Annotator "RC"]
[PlyCount "101"]
[EventDate "2019.10.17"]
[EventType "swiss"]
[EventCountry "GER"]
[SourceTitle "playchess.com"]
[Source "ChessBase"]
[SourceQuality "1"]
[TimeControl "40/5400+30:1800+30"]

1. d4 {[%emt 0:00:00]} c5 {[%emt 0:00:00]} 2. d5 {[%emt 0:00:49]} g6 {[%emt 0:00:00]} 3. e4 {[%emt 0:05:06]} Bg7 {[%emt 0:00:00]} 4. Nf3 {[%emt 0:00:46]} d6 {[%emt 0:00:23]} 5. Nc3 {[%emt 0:00:42]} Nf6 {[%emt 0:00:22]} 6. Be2 {[%emt 0:00:27]} O-O {[%emt 0:00:10]} 7. O-O {[%emt 0:04:29]} Bg4 {[%emt 0:08:06]} 8. h3 {[%emt 0:03:01]} Bxf3 {[%emt 0:00:03]} 9. Bxf3 {[%emt 0:00:06]} Na6 {[%emt 0:01:09]} 10. Re1 {[%emt 0:07:15]} Nd7 {[%emt 0:00:33]} 11. Be2 {[%emt 0:02:42]} Nc7 {[%emt 0:00:13]} 12. a4 {[%emt 0:01:35]} Rb8 {[%emt 0:04:00]} 13. Bf1 {[%emt 0:02:38]} b6 {[%emt 0:00:44]} 14. Nb5 {[%emt 0:03:16]} Ra8 {[%emt 0:02:32]} 15. c3 {[%emt 0:07:17]} a6 {[%emt 0:01:20]} 16. Nxc7 {[%emt 0:00:17]} Qxc7 {[%emt 0:00:11]} 17. Bg5 {[%emt 0:03:35]} Rfc8 {[%emt 0:08:30]} 18. f4 {[%emt 0:06:50]} c4 {[%emt 0:11:04]} 19. Bxe7 {[%emt 0:04:22]} f6 {[%emt 0:04:39]} 20. e5 {[%emt 0:05:40]} fxe5 {[%emt 0:03:17]} 21. Qg4 {[%emt 0:05:44]} Nc5 {[%emt 0:01:00]} 22. Bg5 {[%emt 0:04:15]} b5 {[%emt 0:03:20]} 23. fxe5 {[%emt 0:01:07]} Bxe5 {[%emt 0:00:24]} 24. Rad1 {[%emt 0:04:13]} Re8 {[%emt 0:10:58]} 25. axb5 {[%emt 0:06:00]} axb5 {[%emt 0:00:03]} 26. Bf4 {[%emt 0:03:13]} Bxf4 {[%emt 0:02:55]} 27. Qxf4 {[%emt 0:00:16]} Rxe1 {[%emt 0:09:04]} 28. Rxe1 {[%emt 0:00:47]} Rf8 {[%emt 0:00:26]} 29. Qh4 {[%emt 0:02:25]} Qf7 {[%emt 0:01:08]} 30. Be2 {[%emt 0:06:12]} Qf4 {[%emt 0:06:16]} 31. Qxf4 {[%emt 0:00:12]} Rxf4 {[%emt 0:00:01]} 32. Bf3 {[%emt 0:02:57]} Kf8 {[%emt 0:11:22]} 33. Re2 {[%emt 0:00:59]} h5 {[%emt 0:00:26]} 34. Kf2 {[%emt 0:02:15]} Rf7 {[%emt 0:04:51]} 35. Kg3 {[%emt 0:04:01]} Re7 {[%emt 0:01:06]} 36. Rf2 {[%emt 0:01:23]} Nd3 {[%emt 0:00:33]} 37. Rf1 {[%emt 0:00:08]} Re3 {[%emt 0:00:29]} 38. Rb1 {[%emt 0:00:54]} Ke7 {[%emt 0:02:11]} 39. b3 {[%emt 0:00:53]} Nc5 {[%emt 0:01:48]} 40. bxc4 {[%emt 0:00:30]} bxc4 {[%emt 0:00:02]} 41. Rc1 {[%emt 0:07:55]} g5 {[%emt 0:02:20]} 42. Kf2 {[%emt 0:01:53]} Re5 {[%emt 0:00:59]} 43. Be2 {[%emt 0:07:18]} Re4 {[%emt 0:02:04]} 44. Ra1 {[%emt 0:03:54]} h4 {[%emt 0:00:38]} 45. Ra7+ {[%emt 0:01:08]} Kf6 {[%emt 0:00:42]} 46. Rc7 {[%emt 0:01:36]} Nd3+ {[%emt 0:12:13]} 47. Kf3 {[%emt 0:00:34]} Rf4+ {[%emt 0:00:32]} 48. Ke3 {[%emt 0:00:08]} Ne5 {[%emt 0:02:26]} 49. Rc8 {[%emt 0:02:19]} Kf7 {[%emt 0:09:45]} 50. Rc7+ {[%emt 0:00:52]} Kf6 {[%emt 0:00:18]} 51. Rc8 {[%emt 0:00:15]} 1/2-1/2

[Event "23rd OIBM 2019"]
[Site "Gmund am Tegernsee"]
[Date "2019.10.28"]
[Round "3.33"]
[White "Schaefer, Michael"]
[Black "Schuster, Karsten"]
[Result "1-0"]
[WhiteElo "2160"]
[BlackElo "2304"]
[Annotator "RC"]
[PlyCount "95"]
[EventDate "2019.10.17"]
[EventType "swiss"]
[EventCountry "GER"]
[SourceTitle "playchess.com"]
[Source "ChessBase"]
[SourceQuality "1"]
[TimeControl "40/5400+30:1800+30"]

1. d4 {[%emt 0:00:00]} Nf6 {[%emt 0:00:00]} 2. Nf3 {[%emt 0:00:00]} e6 {[%emt 0:00:00]} 3. e3 {[%emt 0:00:00]} b6 {[%emt 0:00:01]} 4. Bd3 {[%emt 0:00:12]} Bb7 {[%emt 0:00:11]} 5. O-O {[%emt 0:00:17]} Be7 {[%emt 0:00:41]} 6. Nbd2 {[%emt 0:03:36]} d5 {[%emt 0:02:35]} 7. b3 {[%emt 0:01:03]} O-O {[%emt 0:00:37]} 8. Bb2 {[%emt 0:00:19]} c5 {[%emt 0:05:48]} 9. Ne5 {[%emt 0:04:39]} Nc6 {[%emt 0:07:58]} 10. a3 {[%emt 0:05:19]} cxd4 {[%emt 0:04:49]} 11. exd4 {[%emt 0:01:39]} Ne8 {[%emt 0:13:40]} 12. Qh5 {[%emt 0:04:33]} f5 {[%emt 0:00:33]} 13. Qe2 {[%emt 0:03:51]} Rf6 {[%emt 0:09:54]} 14. Rfe1 {[%emt 0:10:21]} Nxe5 {[%emt 0:04:43]} 15. dxe5 {[%emt 0:00:56]} Rh6 {[%emt 0:00:43]} 16. Nf3 {[%emt 0:00:59]} g5 {[%emt 0:02:37]} 17. Nd4 {[%emt 0:03:11]} Ng7 {[%emt 0:02:49]} 18. b4 {[%emt 0:03:19]} g4 {[%emt 0:10:16]} 19. f4 {[%emt 0:05:26]} gxf3 {[%emt 0:00:25]} 20. Qxf3 {[%emt 0:01:24]} a5 {[%emt 0:03:49]} 21. c3 {[%emt 0:00:33]} Qc8 {[%emt 0:04:00]} 22. Bb5 {[%emt 0:10:30]} Rh4 {[%emt 0:03:55]} 23. g3 {[%emt 0:04:30]} Rg4 {[%emt 0:00:53]} 24. h3 {[%emt 0:01:34]} Rg6 {[%emt 0:00:55]} 25. Kh2 {[%emt 0:00:11]} Kh8 {[%emt 0:01:19]} 26. Rg1 {[%emt 0:04:21]} Qc7 {[%emt 0:00:19]} 27. Rae1 {[%emt 0:00:40]} Rg8 {[%emt 0:01:03]} 28. Bc1 {[%emt 0:04:10]} Bc8 {[%emt 0:04:16]} 29. Bf4 {[%emt 0:03:09]} Bd7 {[%emt 0:00:35]} 30. Be2 {[%emt 0:01:13]} Ra8 {[%emt 0:03:29]} 31. Rc1 {[%emt 0:00:48]} Qa7 {[%emt 0:01:41]} 32. g4 {[%emt 0:04:21]} fxg4 {[%emt 0:01:27]} 33. Rxg4 {[%emt 0:00:11]} Rxg4 {[%emt 0:02:08]} 34. hxg4 {[%emt 0:00:48]} Rf8 {[%emt 0:00:58]} 35. Qe3 {[%emt 0:02:30]} Rf7 {[%emt 0:02:08]} 36. Bd3 {[%emt 0:00:22]} Qb8 {[%emt 0:01:02]} 37. Kg2 {[%emt 0:02:29]} Qg8 {[%emt 0:02:54]} 38. Rh1 {[%emt 0:04:14]} Nf5 {[%emt 0:01:54]} 39. Bxf5 {[%emt 0:00:37]} exf5 {[%emt 0:00:23]} 40. g5 {[%emt 0:00:15]} Bxg5 {[%emt 0:01:09]} 41. Kf2 {[%emt 0:32:46]} Bxf4 {[%emt 0:02:43]} 42. Qxf4 {[%emt 0:00:00]} Rg7 {[%emt 0:00:16]} 43. e6 {[%emt 0:00:00]} Bxe6 {[%emt 0:02:28]} 44. Qe5 {[%emt 0:00:00]} Bd7 {[%emt 0:01:13]} 45. Rh6 {[%emt 0:00:00]} Qd8 {[%emt 0:03:58]} 46. Kf3 {[%emt 0:00:00]} Qc8 {[%emt 0:04:07]} 47. Ne6 {[%emt 0:00:00]} Bxe6 {[%emt 0:07:16]} 48. Rxe6 {[%emt 0:00:00]} 1-0